000 00553nam a2200169Ia 4500
008 240729s9999 xx 000 0 und d
022 _a2520-2979
245 0 _aJournal of Sustainable Development of Transport and Logistics
260 _aPoland
260 _bCentre of Sociological Research, Szczecin, Poland
650 _a Engineering (General). Civil engineering (General)
650 _a Transportation engineering
650 _aTechnology
856 _uhttps://doaj.org/toc/5e7f742701ca4f578f8c7c42bddfc362
942 _2ddc
942 _cDOAJEJ
999 _c73008
_d73008
945 _a1
_bMadushi Gamage
_c1
_dMadushi Gamage